| Tag |
First Indicator |
Second Indicator |
Subfields |
| LEADER |
00000cam a2200000 a 4500 |
| 001 |
in00000082047 |
| 005 |
20151008055456.0 |
| 008 |
810520s1980 ncua b s10000 eng |
| 010 |
|
|
|a 80620034
|
| 035 |
|
|
|a (OCoLC)07086008
|
| 035 |
|
|
|9 AAJ3566AM
|
| 039 |
0 |
|
|a 2
|b 3
|c 3
|d 3
|e 3
|
| 040 |
|
|
|a DLC
|c DLC
|d TXA
|d UtOrBLW
|
| 049 |
|
|
|a TXAM
|c [1442613]
|
| 050 |
0 |
0 |
|a RA791.2
|b .C66
|
| 082 |
0 |
|
|a 614.4/2
|2 19
|
| 245 |
0 |
0 |
|a Conceptual and methodological issues in medical geography /
|c Melinda S. Meade, editor.
|
| 264 |
|
1 |
|a Chapel Hill, N.C. :
|b University of North Carolina at Chapel Hill, Dept. of Geography,
|c [1980]
|
| 264 |
|
4 |
|c ©1980
|
| 300 |
|
|
|a iv, 301 pages :
|b illustrations ;
|c 23 cm.
|
| 336 |
|
|
|a text
|b txt
|2 rdacontent
|
| 337 |
|
|
|a unmediated
|b n
|2 rdamedia
|
| 338 |
|
|
|a volume
|b nc
|2 rdacarrier
|
| 490 |
1 |
|
|a Studies in geography ;
|v no. 15
|
| 504 |
|
|
|a Includes bibliographies.
|
| 650 |
|
0 |
|a Medical geography
|v Congresses.
|
| 700 |
1 |
|
|a Meade, Melinda S.
|
| 830 |
|
0 |
|a Studies in geography (University of North Carolina at Chapel Hill. Department of Geography) ;
|v no. 15.
|
| 999 |
|
|
|a MARS
|
| 999 |
f |
f |
|s 2257536d-6805-3803-a89c-f66a5524a0a2
|i 755b0461-dfee-3c6a-bf01-bc940e40da9e
|t 0
|
| 952 |
f |
f |
|p ric
|a Texas A&M University
|b Rellis Campus
|c Joint Library Facility
|d Remote Storage
|t 0
|e RA791.2 .C66
|h Library of Congress classification
|i unmediated -- volume
|m A14806228108
|
| 998 |
f |
f |
|a RA791.2 .C66
|t 0
|l Remote Storage
|